El barroco granadino / (Record no. 190189)

MARC details
000 -LEADER
campo de control de longitud fija 00795nam a2200193 i 4500
001 - NÚMERO DE CONTROL
campo de control 190189
003 - IDENTIFICADOR DE NÚMERO DE CONTROL
campo de control ES-MaACL
005 - FECHA Y HORA DE LA ÚLTIMA TRANSACCIÓN
campo de control 20251011063205.0
008 - DATOS DE LONGITUD FIJA--INFORMACIÓN GENERAL
campo de control de longitud fija 200911s1956 sp |||| | spa d
100 1# - ENTRADA PRINCIPAL--NOMBRE DE PERSONA
Nombre de persona Gallego y Burín, Antonio,
Fechas asociadas al nombre 1895-1961
9 (RLIN) 53594
245 13 - MENCIÓN DEL TÍTULO
Título El barroco granadino /
Mención de responsabilidad, etc. Discurso leido... en la recepción pública del... Sr. D. Antonio Gallego y Burin, Barón de San Calixto, y contestación del... Sr. D. Manuel Gómez Moreno Martinez.
260 ## - PUBLICACIÓN, DISTRIBUCIÓN, ETC.
Lugar de publicación, distribución, etc. Madrid :
Nombre del editor, distribuidor, etc. [s.n.],
Fecha de publicación, distribución, etc. 1956.
300 ## - DESCRIPCIÓN FÍSICA
Extensión 178 p., 1 h., lam. ;
Dimensiones 24 cm.
650 #4 - PUNTO DE ACCESO ADICIONAL DE MATERIA--TÉRMINO DE MATERIA
Término de materia o nombre geográfico como elemento de entrada Arquitectura barroca-
Subdivisión geográfica Granada.
9 (RLIN) 170302
700 1# - ENTRADA AGREGADA--NOMBRE PERSONAL
Nombre de persona Gómez-Moreno, Manuel,
Fechas asociadas al nombre 1870-1970
9 (RLIN) 58066
710 2# - ENTRADA AGREGADA--NOMBRE DE ENTIDAD CORPORATIVA
Nombre de entidad corporativa o nombre de jurisdicción como elemento de entrada Real Academia de Bellas Artes de San Fernando.
9 (RLIN) 6291
852 ## - LOCALIZACIÓN
Ubicación ES-MaACL
Número de control de estantería F-M-III-N
Holdings
Estatus retirado Estado de pérdida Estado de daño No para préstamo Biblioteca de origen Biblioteca actual Ubicación en estantería Fecha de adquisición Fuente de adquisición Total de préstamos Signatura topográfica completa Código de barras Visto por última vez Precio de reemplazo Tipo de ítem Koha
        Biblioteca del Ateneo de Madrid Biblioteca del Ateneo de Madrid Administración 19/05/2005     F-M-III-N 1201960 23/02/2023 23/02/2023 Libro impreso